| 000 | 01164nam a22003257a 4500 | ||
|---|---|---|---|
| 001 | BRCA_9313 | ||
| 003 | FranzMayer | ||
| 005 | 20230918115339.0 | ||
| 008 | 230816b |||||||| |||| 00| 0 eng d | ||
| 020 | _a9789529878567 | ||
| 040 |
_aMFM _besp _cMFM |
||
| 050 | 0 |
_aZ5942.K85 _bD47 2008 |
|
| 110 |
_4Responsable _aDesign museo _929031 |
||
| 240 |
_aYrjö Kukkapuro _hDesigner _leng |
||
| 245 | 0 |
_aYrjö Kukkapuro _bDesigner |
|
| 260 |
_aHelsinki, Finlandia _bArt Print Oy _c2008 |
||
| 300 |
_a198 p _bIlustraciones a color _c20 cm |
||
| 500 | _aAnexo 1 | ||
| 505 | _aTexto en: inglésIncluye índice temáticoDirigido a: arquitectos, diseñadores de interiores, artistas. | ||
| 650 | 1 |
_2Artes visuales _aArtes finas _vArquitectura _929032 |
|
| 651 | 2 |
_2Diseño de interiores _aDiseño de muebles _vYrjö Kukkapuro _929033 |
|
| 700 | 1 |
_4Ed. _aAav, Marianne _929034 |
|
| 700 | 1 |
_4Ed. _aKukkapuro-Enbom, Isa _929035 |
|
| 700 | 1 |
_4Ed. _aViljanen, Eeva _929036 |
|
| 700 | 1 |
_4Trans. _aKokkonen, Jüri _929037 |
|
| 700 | 1 |
_4Des. _aSilvennoinen, Jari _929038 |
|
| 700 | 1 |
_4Assis. _aJärvinen, Pentti _929039 |
|
| 856 | _3www.designmuseum.fi | ||
| 942 |
_2lcc _cB |
||
| 999 |
_c10935 _d10935 |
||